[Event "NB II. Toth Laszlo csoport"]
[Site "Kecskemet"]
[Date "2024.04.07"]
[Round "7.3"]
[White "Panda, Barnabas"]
[Black "Keresztes, Mark"]
[Result "1/2-1/2"]
[WhiteElo "2095"]
[BlackElo "1984"]
[PlyCount "107"]
[EventDate "2023.10.08"]
[EventType "team-tourn"]
[EventRounds "9"]
[EventCountry "HUN"]
[Source "chess.hu"]
[WhiteTeam "Neumann J. Egyetem"]
[BlackTeam "TAKISZ SE"]
[WhiteTeamCountry "HUN"]
[BlackTeamCountry "HUN"]

1. d4 Nf6 2. c4 e6 3. Nc3 Bb4 4. Qc2 d6 5. Nf3 O-O 6. e4 Bxc3+ 7. bxc3 Nbd7 8.
e5 Ne8 9. Bg5 f6 10. exf6 Ndxf6 11. Bd3 Qd7 12. O-O Qf7 13. Rae1 Qh5 14. Bc1 b6
15. Qe2 g6 16. Ng5 Qxe2 17. Rxe2 Ng7 18. Rfe1 Bd7 19. Ba3 c5 20. Bc1 Rad8 21.
h3 Nfh5 22. g3 Bc8 23. Ne4 d5 24. Nd2 cxd4 25. cxd5 dxc3 26. Ne4 exd5 27. Nxc3
Bxh3 28. Bg5 Rde8 29. Nxd5 Rxe2 30. Rxe2 Re8 31. Re7 Be6 32. Bc4 Rxe7 33. Nxe7+
Kf7 34. Nd5 Ne8 35. Bb3 Nhf6 36. Nb4 Bxb3 37. axb3 Ne4 38. Bf4 Ke6 39. Nc6 a6
40. Be3 Nc5 41. b4 Nd7 42. Kf1 Kd5 43. Ne7+ Kc4 44. Bd2 Nd6 45. Ke2 Ne5 46. Bf4
Ndf7 47. Bd2 Nd3 48. Nc8 Nxb4 49. Nxb6+ Kb5 50. Nd7 h6 51. f4 a5 52. Nf8 g5 53.
fxg5 hxg5 54. g4 1/2-1/2

[Event "NB II. Toth Laszlo csoport"]
[Site "Kecskemet"]
[Date "2024.04.07"]
[Round "7.4"]
[White "Szili, Istvan"]
[Black "Szekeres, Janos"]
[Result "1/2-1/2"]
[WhiteElo "1956"]
[BlackElo "1931"]
[PlyCount "54"]
[EventDate "2023.10.08"]
[EventType "team-tourn"]
[EventRounds "9"]
[EventCountry "HUN"]
[Source "chess.hu"]
[WhiteTeam "TAKISZ SE"]
[BlackTeam "Neumann J. Egyetem"]
[WhiteTeamCountry "HUN"]
[BlackTeamCountry "HUN"]

1. e4 Nf6 2. Nc3 d5 3. exd5 Nxd5 4. Nxd5 Qxd5 5. d4 Nc6 6. Be3 e5 7. c3 exd4 8.
Bxd4 Nxd4 9. Qxd4 Qxd4 10. cxd4 Bb4+ 11. Kd1 Bf5 12. Bc4 O-O-O 13. Ne2 f6 14.
Kc1 Rd6 15. d5 Be4 16. Nf4 g5 17. f3 Bf5 18. g4 Bd7 19. Nd3 Ba5 20. b4 Bb6 21.
Nc5 f5 22. Nxd7 Kxd7 23. Kc2 fxg4 24. fxg4 Rf8 25. Rhf1 Rdf6 26. Rxf6 Rxf6 27.
Rf1 Rxf1 1/2-1/2

[Event "NB II. Toth Laszlo csoport"]
[Site "Kecskemet"]
[Date "2024.04.07"]
[Round "7.5"]
[White "Andriska, Zsolt"]
[Black "Donko, Matyas"]
[Result "1-0"]
[WhiteElo "2038"]
[BlackElo "1922"]
[PlyCount "67"]
[EventDate "2023.10.08"]
[EventType "team-tourn"]
[EventRounds "9"]
[EventCountry "HUN"]
[Source "chess.hu"]
[WhiteTeam "Neumann J. Egyetem"]
[BlackTeam "TAKISZ SE"]
[WhiteTeamCountry "HUN"]
[BlackTeamCountry "HUN"]

1. e4 c5 2. c4 e6 3. Nc3 a6 4. g3 b6 5. Bg2 Bb7 6. Nge2 d6 7. O-O Qc7 8. b3 Nf6
9. d4 cxd4 10. Qxd4 Be7 11. Bb2 O-O 12. h3 Nbd7 13. g4 Rfd8 14. Kh1 Rac8 15.
Ng3 Qb8 16. Rad1 Qa8 17. Rd2 Nc5 18. g5 Ne8 19. f4 b5 20. b4 d5 21. cxd5 exd5
22. exd5 Nd7 23. Nf5 Bf8 24. Ne4 Rc4 25. Nh6+ Kh8 26. Nxf7+ Kg8 27. Nh6+ Kh8
28. Qe3 Bxb4 29. Rdd1 Rdc8 30. Nf7+ Kg8 31. Nf6+ gxf6 32. Qe6 Ng7 33. Nh6+ Kh8
34. Qg8+ 1-0

[Event "NB II. Toth Laszlo csoport"]
[Site "Kecskemet"]
[Date "2024.04.07"]
[Round "7.6"]
[White "Keresztes, Zoltan"]
[Black "Lovas, Daniel Dr"]
[Result "1/2-1/2"]
[WhiteElo "1882"]
[BlackElo "2011"]
[PlyCount "60"]
[EventDate "2023.10.08"]
[EventType "team-tourn"]
[EventRounds "9"]
[EventCountry "HUN"]
[Source "chess.hu"]
[WhiteTeam "TAKISZ SE"]
[BlackTeam "Neumann J. Egyetem"]
[WhiteTeamCountry "HUN"]
[BlackTeamCountry "HUN"]

1. d4 Nf6 2. c4 b6 3. Nc3 Bb7 4. Nf3 g6 5. Qc2 Bg7 6. e4 d6 7. Bf4 O-O 8. Be2
Nbd7 9. Rd1 Nh5 10. Bc1 e5 11. dxe5 dxe5 12. O-O c6 13. b4 Re8 14. c5 Qe7 15.
cxb6 axb6 16. Qb3 Nf4 17. Rfe1 Nxe2+ 18. Rxe2 Nf8 19. Be3 Ba6 20. Red2 Reb8 21.
Rd6 c5 22. Bg5 Qe8 23. b5 Bb7 24. Nd5 Bxd5 25. Qxd5 Ne6 26. Be3 Nd4 27. Bxd4
exd4 28. e5 Bf8 29. Rc6 Ra7 30. e6 Kh8 1/2-1/2

[Event "NB II. Toth Laszlo csoport"]
[Site "Kecskemet"]
[Date "2024.04.07"]
[Round "7.7"]
[White "Talmacsi, Jozsef"]
[Black "Marton, Attila"]
[Result "0-1"]
[WhiteElo "2001"]
[BlackElo "1900"]
[PlyCount "110"]
[EventDate "2023.10.08"]
[EventType "team-tourn"]
[EventRounds "9"]
[EventCountry "HUN"]
[Source "chess.hu"]
[WhiteTeam "Neumann J. Egyetem"]
[BlackTeam "TAKISZ SE"]
[WhiteTeamCountry "HUN"]
[BlackTeamCountry "HUN"]

1. d4 Nf6 2. Nf3 e6 3. g3 b6 4. Bg2 Bb7 5. O-O Be7 6. c4 c5 7. d5 exd5 8. Nh4
d6 9. cxd5 O-O 10. Nc3 Re8 11. e4 Nbd7 12. f4 b5 13. e5 Qb6 14. exf6 Bxf6 15.
Nf3 Re7 16. Kh1 Rae8 17. Nd2 b4 18. Na4 Qb5 19. Rb1 c4 20. b3 c3 21. Nc4 Qa6
22. Bf3 g6 23. a3 Nc5 24. Nxc5 dxc5 25. axb4 cxb4 26. Qc2 Rd8 27. Be3 Bxd5 28.
Bxd5 Rxd5 29. Ra1 Qc6 30. Kg1 Rxe3 31. Rad1 Re8 32. Qg2 Qc5+ 33. Kh1 Red8 34.
Rxd5 Qxd5 35. Qxd5 Rxd5 36. Kg2 Rd3 37. Rc1 c2 38. Rxc2 Rxb3 39. Na5 Rb2 40.
Rxb2 Bxb2 41. Nc6 Bc3 42. Nxa7 f5 43. Nb5 Kf7 44. Kf3 Ke6 45. Ke3 Kd5 46. Kd3
Ba1 47. Nc7+ Kd6 48. Na6 b3 49. Nb4 Kc5 50. Na6+ Kb5 51. Nc7+ Ka4 52. h3 Ka3
53. Nd5 Bg7 54. g4 Ka2 55. Nb4+ Ka1 0-1

[Event "NB II. Toth Laszlo csoport"]
[Site "Kecskemet"]
[Date "2024.04.07"]
[Round "7.8"]
[White "Meljan, David"]
[Black "Kovacs, Gabor"]
[Result "1/2-1/2"]
[WhiteElo "1887"]
[BlackElo "1988"]
[PlyCount "106"]
[EventDate "2023.10.08"]
[EventType "team-tourn"]
[EventRounds "9"]
[EventCountry "HUN"]
[Source "chess.hu"]
[WhiteTeam "TAKISZ SE"]
[BlackTeam "Neumann J. Egyetem"]
[WhiteTeamCountry "HUN"]
[BlackTeamCountry "HUN"]

1. d4 Nf6 2. Bg5 Ne4 3. Bf4 d5 4. Nd2 Bf5 5. e3 e6 6. Ngf3 Nd7 7. Nxe4 Bxe4 8.
Bd3 Nf6 9. O-O Be7 10. c4 O-O 11. Rc1 c6 12. Bxe4 Nxe4 13. Nd2 Nd6 14. c5 Ne8
15. b4 a6 16. Qb3 Nc7 17. a4 Qd7 18. Rb1 Rfc8 19. Nf3 f6 20. Bxc7 Qxc7 21. b5
axb5 22. axb5 Qa5 23. g3 Kf7 24. Qd3 g6 25. Rb3 b6 26. cxb6 Qxb6 27. bxc6 Qxc6
28. Rb2 Rab8 29. Rxb8 Rxb8 30. Rb1 Rc8 31. h3 Bd6 32. Kg2 Rc7 33. Rb5 Qc4 34.
Qb1 Qc2 35. Qxc2 Rxc2 36. g4 h6 37. Rb7+ Rc7 38. Rxc7+ Bxc7 39. Nd2 e5 40. f3
Ke6 41. Kf2 Bb6 42. Nb3 f5 43. Kg3 f4+ 44. Kf2 exd4 45. exd4 Kd6 46. Ke2 Kc6
47. Kd3 Kb5 48. Kc3 Ba5+ 49. Nxa5 Kxa5 50. Kb3 Kb5 51. h4 g5 52. h5 Ka5 53. Ka3
Kb5 1/2-1/2

[Event "NB II. Toth Laszlo csoport"]
[Site "Kecskemet"]
[Date "2024.04.07"]
[Round "7.9"]
[White "Biro, Andras"]
[Black "Kovacs, Laszlo"]
[Result "0-1"]
[WhiteElo "1938"]
[BlackElo "1893"]
[PlyCount "62"]
[EventDate "2023.10.08"]
[EventType "team-tourn"]
[EventRounds "9"]
[EventCountry "HUN"]
[Source "chess.hu"]
[WhiteTeam "Neumann J. Egyetem"]
[BlackTeam "TAKISZ SE"]
[WhiteTeamCountry "HUN"]
[BlackTeamCountry "HUN"]

1. d4 Nf6 2. c4 e6 3. g3 d5 4. Nf3 Bb4+ 5. Bd2 Qe7 6. Bg2 O-O 7. O-O Bxd2 8.
Nbxd2 Nc6 9. Re1 Qb4 10. Qc2 Rd8 11. Rad1 Bd7 12. e4 dxe4 13. Nxe4 Nxe4 14.
Rxe4 Ne7 15. Ne5 Be8 16. Nd3 Qb6 17. d5 Bd7 18. c5 Qa5 19. c6 bxc6 20. Ra4 Qb5
21. Rb4 Qa5 22. dxc6 Be8 23. a3 Nf5 24. Qc4 Rd4 25. Qb3 Rad8 26. Rb5 Qa6 27.
Bf1 Qxc6 28. Ne5 Qd6 29. Rxd4 Nxd4 30. Nc4 Qc6 31. Ne5 Qxb5 0-1

[Event "NB II. Toth Laszlo csoport"]
[Site "Kecskemet"]
[Date "2024.04.07"]
[Round "7.10"]
[White "Botta, Tibor Dr"]
[Black "Szabo, Balazs"]
[Result "0-1"]
[WhiteElo "1864"]
[BlackElo "1766"]
[PlyCount "116"]
[EventDate "2023.10.08"]
[EventType "team-tourn"]
[EventRounds "9"]
[EventCountry "HUN"]
[Source "chess.hu"]
[WhiteTeam "TAKISZ SE"]
[BlackTeam "Neumann J. Egyetem"]
[WhiteTeamCountry "HUN"]
[BlackTeamCountry "HUN"]

1. d4 d5 2. Nf3 Nc6 3. e3 a6 4. c4 e6 5. a3 g6 6. Nc3 Nge7 7. Bd2 Bg7 8. Rc1
O-O 9. cxd5 exd5 10. Bd3 Nb8 11. O-O c6 12. Na4 Nd7 13. Bb4 Re8 14. Qc2 Nf6 15.
Bc5 Nd7 16. Bxe7 Qxe7 17. Nc5 Nf8 18. h3 Qf6 19. Qd1 b6 20. Nb3 Nd7 21. Nbd2 c5
22. b3 Qd6 23. a4 Bb7 24. Qc2 Rac8 25. Qb1 Rc7 26. Rfe1 Rec8 27. Be2 a5 28. Bb5
Nf8 29. dxc5 Rxc5 30. Rxc5 Qxc5 31. Qd3 Qb4 32. Rd1 Ne6 33. Nb1 Nc5 34. Qd2
Qxb3 35. Nd4 Bxd4 36. Qxd4 Ne4 37. Qd3 Qb2 38. Nd2 Nc3 39. Rf1 Nxb5 40. axb5
Rc2 41. Nf3 a4 42. Nd4 Rd2 43. Qb1 Rxf2 44. Qxb2 Rxb2 45. Ra1 Rb4 46. Kf2 Bc8
47. Nc6 Rb2+ 48. Kf3 Be6 49. Rxa4 Rxb5 50. Nd4 Rb1 51. Ra8+ Kg7 52. Rb8 h5 53.
Rb7 Kf6 54. Rb8 Bf5 55. Nc6 Be4+ 56. Kf2 Rb2+ 57. Ke1 Bxg2 58. h4 Be4 0-1

[Event "NB II. Toth Laszlo csoport"]
[Site "Kecskemet"]
[Date "2024.04.07"]
[Round "7.11"]
[White "Egyed, Endre"]
[Black "Eros, Mate"]
[Result "1-0"]
[WhiteElo "1730"]
[BlackElo "1464"]
[PlyCount "47"]
[EventDate "2023.10.08"]
[EventType "team-tourn"]
[EventRounds "9"]
[EventCountry "HUN"]
[Source "chess.hu"]
[WhiteTeam "Neumann J. Egyetem"]
[BlackTeam "TAKISZ SE"]
[WhiteTeamCountry "HUN"]
[BlackTeamCountry "HUN"]

1. e4 d6 2. d4 g6 3. Nc3 Bg7 4. Be3 e5 5. Nge2 Ne7 6. Qd2 O-O 7. O-O-O b6 8. f3
Bb7 9. g4 f6 10. h4 Nbc6 11. h5 g5 12. h6 Bh8 13. Ng3 Ng6 14. Bc4+ Rf7 15.
Bxf7+ Kxf7 16. Qe2 Nf4 17. Qc4+ Kf8 18. Nh5 Ng6 19. Rh2 Nh4 20. Qe2 exd4 21.
Bxd4 Nxd4 22. Rxd4 f5 23. Ng7 c5 24. Ne6+ 1-0

[Event "NB II. Toth Laszlo csoport"]
[Site "Kecskemet"]
[Date "2024.04.07"]
[Round "7.12"]
[White "Eros, Viktor"]
[Black "Gajdos, Mark"]
[Result "0-1"]
[WhiteElo "1431"]
[BlackElo "1681"]
[PlyCount "50"]
[EventDate "2023.10.08"]
[EventType "team-tourn"]
[EventRounds "9"]
[EventCountry "HUN"]
[Source "chess.hu"]
[WhiteTeam "TAKISZ SE"]
[BlackTeam "Neumann J. Egyetem"]
[WhiteTeamCountry "HUN"]
[BlackTeamCountry "HUN"]

1. e4 e5 2. Nc3 Nf6 3. Nf3 Nc6 4. d3 d5 5. exd5 Nxd5 6. Bd2 Bc5 7. Bg5 f6 8.
Bd2 Be6 9. Nxd5 Qxd5 10. c4 Qd7 11. Be2 Bf5 12. Qb3 O-O-O 13. a3 Bxd3 14. Bxd3
Qxd3 15. Qxd3 Rxd3 16. O-O-O Bxf2 17. Be1 Rxd1+ 18. Kxd1 Rd8+ 19. Bd2 Be3 20.
Re1 Bxd2 21. Nxd2 Kd7 22. Ne4 Ke6+ 23. Kc2 b6 24. Nc3 Nd4+ 25. Kd3 Nf3+ 0-1

[Event "NB II. Toth Laszlo csoport"]
[Site "Gyula"]
[Date "2024.04.07"]
[Round "7.1"]
[White "Farkas, Tibor"]
[Black "Kelly, Laszlo"]
[Result "1-0"]
[WhiteElo "2201"]
[BlackElo "2201"]
[PlyCount "93"]
[EventDate "2023.10.08"]
[EventType "team-tourn"]
[EventRounds "9"]
[EventCountry "HUN"]
[Source "chess.hu"]
[WhiteTeam "Duocor-Makoi SVSE II"]
[BlackTeam "Gyulai SE"]
[WhiteTeamCountry "HUN"]
[BlackTeamCountry "HUN"]

1. e4 c6 2. d4 d5 3. e5 c5 4. dxc5 e6 5. Nf3 Bxc5 6. Bd3 Nc6 7. a3 f6 8. b4 Bb6
9. Bb2 Bc7 10. exf6 Nxf6 11. O-O O-O 12. Nbd2 a6 13. c4 Bd7 14. Qb3 Be8 15.
Rae1 Bf7 16. g3 d4 17. Ng5 Qd7 18. Nde4 Nxe4 19. Bxe4 h6 20. Nxf7 Rxf7 21. c5
Re7 22. Bxc6 bxc6 23. Re4 Qd5 24. Qxd5 cxd5 25. Rxd4 Be5 26. Rd2 Bf6 27. f4 Rd8
28. Re1 Kf7 29. Be5 Bxe5 30. Rxe5 g6 31. g4 Rc7 32. f5 gxf5 33. gxf5 Kf6 34.
Rxe6+ Kxf5 35. Rxa6 Ke5 36. Rxh6 d4 37. c6 d3 38. b5 Kd4 39. Rg2 Re7 40. Rf6
Kc3 41. Rf3 Kc4 42. b6 d2 43. Rxd2 Rxd2 44. c7 Rd1+ 45. Kg2 Rd2+ 46. Rf2 Rg7+
47. Kf1 1-0

[Event "NB II. Toth Laszlo csoport"]
[Site "Gyula"]
[Date "2024.04.07"]
[Round "7.2"]
[White "Oltean, Cristian-Daniel"]
[Black "Mokcsay, Robert"]
[Result "1/2-1/2"]
[WhiteElo "2099"]
[BlackElo "2237"]
[PlyCount "31"]
[EventDate "2023.10.08"]
[EventType "team-tourn"]
[EventRounds "9"]
[EventCountry "HUN"]
[Source "chess.hu"]
[WhiteTeam "Gyulai SE"]
[BlackTeam "Duocor-Makoi SVSE II"]
[WhiteTeamCountry "HUN"]
[BlackTeamCountry "HUN"]

1. e4 c6 2. d4 d5 3. exd5 cxd5 4. c4 Nf6 5. Nc3 Nc6 6. Bg5 Be6 7. Be2 Qa5 8. c5
Ne4 9. Bd2 Nxd2 10. Qxd2 g6 11. Nf3 Bg7 12. h3 O-O 13. O-O b6 14. cxb6 Qxb6 15.
Na4 Qc7 16. Rac1 1/2-1/2

[Event "NB II. Toth Laszlo csoport"]
[Site "Gyula"]
[Date "2024.04.07"]
[Round "7.3"]
[White "Kecskemeti, Arpad"]
[Black "Tamas, Kornel"]
[Result "1-0"]
[WhiteElo "2225"]
[BlackElo "1994"]
[PlyCount "55"]
[EventDate "2023.10.08"]
[EventType "team-tourn"]
[EventRounds "9"]
[EventCountry "HUN"]
[Source "chess.hu"]
[WhiteTeam "Duocor-Makoi SVSE II"]
[BlackTeam "Gyulai SE"]
[WhiteTeamCountry "HUN"]
[BlackTeamCountry "HUN"]

1. e4 c5 2. Nf3 d6 3. d4 cxd4 4. Nxd4 Nf6 5. Nc3 a6 6. Be3 e6 7. f3 Nbd7 8. Qd2
Qc7 9. g4 h6 10. h4 Be7 11. O-O-O b5 12. Bd3 Ne5 13. Qg2 Nfd7 14. g5 h5 15. g6
Nxd3+ 16. Rxd3 Ne5 17. gxf7+ Kxf7 18. Rdd1 Bd7 19. Rhg1 Bf6 20. Bg5 Rhg8 21.
Bxf6 gxf6 22. Qd2 Rh8 23. Rg3 Rag8 24. Rxg8 Rxg8 25. Qh6 b4 26. Nce2 Be8 27.
Qh7+ Rg7 28. Qxg7+ 1-0

[Event "NB II. Toth Laszlo csoport"]
[Site "Gyula"]
[Date "2024.04.07"]
[Round "7.4"]
[White "Campeanu, Alin-Vivian"]
[Black "Restas, Peter"]
[Result "0-1"]
[WhiteElo "1908"]
[BlackElo "2033"]
[PlyCount "62"]
[EventDate "2023.10.08"]
[EventType "team-tourn"]
[EventRounds "9"]
[EventCountry "HUN"]
[Source "chess.hu"]
[WhiteTeam "Gyulai SE"]
[BlackTeam "Duocor-Makoi SVSE II"]
[WhiteTeamCountry "HUN"]
[BlackTeamCountry "HUN"]

1. d4 Nf6 2. Nf3 c5 3. e3 b6 4. b3 g6 5. Bb2 Bg7 6. Bd3 Bb7 7. O-O O-O 8. Nbd2
Nc6 9. a3 Qc7 10. c4 cxd4 11. exd4 d5 12. c5 bxc5 13. dxc5 e5 14. Bc2 e4 15.
Nd4 Ng4 16. Qxg4 Nxd4 17. Bxd4 Bxd4 18. Rac1 Qxc5 19. Bxe4 Bxf2+ 20. Kh1 Qxa3
21. Qd7 dxe4 22. Qxb7 e3 23. Nc4 Qc5 24. b4 Qg5 25. Nd6 e2 26. Ne4 exf1=Q+ 27.
Rxf1 Qe3 28. Nxf2 Rab8 29. Qa6 Rxb4 30. h3 h5 31. Qa5 Rf4 0-1

[Event "NB II. Toth Laszlo csoport"]
[Site "Gyula"]
[Date "2024.04.07"]
[Round "7.5"]
[White "Csikos, Mihaly"]
[Black "Banyai, Istvan"]
[Result "1-0"]
[WhiteElo "2055"]
[BlackElo "1961"]
[PlyCount "67"]
[EventDate "2023.10.08"]
[EventType "team-tourn"]
[EventRounds "9"]
[EventCountry "HUN"]
[Source "chess.hu"]
[WhiteTeam "Duocor-Makoi SVSE II"]
[BlackTeam "Gyulai SE"]
[WhiteTeamCountry "HUN"]
[BlackTeamCountry "HUN"]

1. e4 e6 2. c4 c5 3. Nf3 Nc6 4. Nc3 a6 5. Be2 Qc7 6. O-O Nf6 7. d4 cxd4 8. Nxd4
Nxd4 9. Qxd4 Bc5 10. Qd3 O-O 11. Kh1 b6 12. Bg5 Bb7 13. Rad1 Bc6 14. f4 Rfc8
15. e5 Ne8 16. Bf3 d6 17. Ne4 dxe5 18. Nxc5 Bxf3 19. Qxf3 Qxc5 20. fxe5 Ra7 21.
Bf4 Rac7 22. b3 b5 23. Be3 Qe7 24. Bb6 Rc6 25. c5 f6 26. b4 f5 27. Rd4 g5 28.
g4 f4 29. Rfd1 Qg7 30. Rd8 Qb7 31. R8d7 Qb8 32. Qe4 Ng7 33. Rd8+ Ne8 34. Qxc6
1-0

[Event "NB II. Toth Laszlo csoport"]
[Site "Gyula"]
[Date "2024.04.07"]
[Round "7.6"]
[White "Cretu, Sorin-Alexandru"]
[Black "Diamant, Tibor"]
[Result "0-1"]
[WhiteElo "1840"]
[BlackElo "1945"]
[PlyCount "122"]
[EventDate "2023.10.08"]
[EventType "team-tourn"]
[EventRounds "9"]
[EventCountry "HUN"]
[Source "chess.hu"]
[WhiteTeam "Gyulai SE"]
[BlackTeam "Duocor-Makoi SVSE II"]
[WhiteTeamCountry "HUN"]
[BlackTeamCountry "HUN"]

1. e4 c5 2. Nf3 Nc6 3. d4 cxd4 4. Nxd4 g6 5. Be3 Nf6 6. Nc3 Bg7 7. Be2 O-O 8.
Qd2 d5 9. exd5 Nxd5 10. Nxd5 Qxd5 11. c4 Qd7 12. O-O-O e5 13. Nb3 Qc7 14. g4
Rd8 15. Qe1 Be6 16. Nc5 Qe7 17. h4 b6 18. Nxe6 Qxe6 19. h5 Rxd1+ 20. Qxd1 Rd8
21. Qc2 Nd4 22. Bxd4 Rxd4 23. hxg6 hxg6 24. f3 Bf6 25. Bd3 Bg5+ 26. Kb1 Qc6 27.
Be4 Qxc4 28. Qh2 Bf6 29. Qh7+ Kf8 30. Rc1 Qe6 31. Rc7 Rd7 32. Rc6 Rd6 33. Rc7
Rd7 34. Rc6 Qe7 35. g5 Bg7 36. Qh3 Rd8 37. Qg2 Qd7 38. a3 Rc8 39. Qc2 Rxc6 40.
Qxc6 Qxc6 41. Bxc6 Ke7 42. Be4 Ke6 43. Kc2 Bf8 44. Kd3 Be7 45. Kc4 Bxg5 46.
Bd5+ Kf6 47. Kb5 Bc1 48. a4 Bxb2 49. Ka6 Ke7 50. Kxa7 Bd4 51. Kb7 f5 52. Kc6
Kf6 53. Bc4 Kg5 54. Kd5 Kf4 55. Be2 Bf2 56. Bd1 e4 57. fxe4 fxe4 58. Kc4 g5 59.
Kd5 e3 60. Be2 g4 61. Kd4 g3 0-1

[Event "NB II. Toth Laszlo csoport"]
[Site "Gyula"]
[Date "2024.04.07"]
[Round "7.7"]
[White "Kovacs, Arthur Dr"]
[Black "Jako, Robert"]
[Result "1/2-1/2"]
[WhiteElo "1949"]
[BlackElo "1861"]
[PlyCount "51"]
[EventDate "2023.10.08"]
[EventType "team-tourn"]
[EventRounds "9"]
[EventCountry "HUN"]
[Source "chess.hu"]
[WhiteTeam "Duocor-Makoi SVSE II"]
[BlackTeam "Gyulai SE"]
[WhiteTeamCountry "HUN"]
[BlackTeamCountry "HUN"]

1. d4 d5 2. Nf3 Nf6 3. c4 e6 4. Nc3 c5 5. cxd5 Nxd5 6. e4 Nxc3 7. bxc3 cxd4 8.
cxd4 Bb4+ 9. Bd2 Qa5 10. Rb1 Bxd2+ 11. Qxd2 Qxd2+ 12. Nxd2 O-O 13. Bc4 Nc6 14.
d5 Na5 15. dxe6 Nxc4 16. exf7+ Rxf7 17. Nxc4 Be6 18. Nd6 Rd7 19. e5 Bxa2 20.
Rb2 Bd5 21. O-O a5 22. Ra1 a4 23. Ra3 g6 24. f4 Bc6 25. Rb6 Ra5 26. g3 1/2-1/2

[Event "NB II. Toth Laszlo csoport"]
[Site "Gyula"]
[Date "2024.04.07"]
[Round "7.8"]
[White "Solymosi, Ferenc"]
[Black "Balassy, Gabor"]
[Result "1/2-1/2"]
[WhiteElo "1909"]
[BlackElo "1920"]
[PlyCount "41"]
[EventDate "2023.10.08"]
[EventType "team-tourn"]
[EventRounds "9"]
[EventCountry "HUN"]
[Source "chess.hu"]
[WhiteTeam "Gyulai SE"]
[BlackTeam "Duocor-Makoi SVSE II"]
[WhiteTeamCountry "HUN"]
[BlackTeamCountry "HUN"]

1. g3 d5 2. Nf3 Nf6 3. Bg2 g6 4. O-O Bg7 5. c4 c6 6. d4 O-O 7. Qb3 dxc4 8. Qxc4
Be6 9. Qb4 Qc7 10. Bf4 Nd5 11. Bxc7 Nxb4 12. Nc3 N8a6 13. Bf4 Nc2 14. Rad1 Rad8
15. Bg5 Nxd4 16. Nxd4 Rxd4 17. Bxe7 Re8 18. Bg5 Rxd1 19. Rxd1 Bxc3 20. bxc3
Bxa2 21. Be3 1/2-1/2

[Event "NB II. Toth Laszlo csoport"]
[Site "Gyula"]
[Date "2024.04.07"]
[Round "7.9"]
[White "Hajnal, Bence"]
[Black "Gurzo, Bence Bendeguz"]
[Result "1/2-1/2"]
[WhiteElo "1874"]
[BlackElo "1773"]
[PlyCount "41"]
[EventDate "2023.10.08"]
[EventType "team-tourn"]
[EventRounds "9"]
[EventCountry "HUN"]
[Source "chess.hu"]
[WhiteTeam "Duocor-Makoi SVSE II"]
[BlackTeam "Gyulai SE"]
[WhiteTeamCountry "HUN"]
[BlackTeamCountry "HUN"]

1. Nc3 f5 2. Nf3 Nf6 3. d3 g6 4. g3 Bg7 5. Bg2 d6 6. Bg5 O-O 7. Qd2 Nc6 8. Bh6
a6 9. h4 Bxh6 10. Qxh6 Ng4 11. Qd2 h5 12. Qg5 Kg7 13. Nd5 e6 14. Nf4 Qxg5 15.
Nxg5 Rf6 16. Bxc6 bxc6 17. f3 Ne3 18. Kd2 Nd5 19. c4 Ne7 20. d4 d5 21. cxd5
1/2-1/2

[Event "NB II. Toth Laszlo csoport"]
[Site "Gyula"]
[Date "2024.04.07"]
[Round "7.11"]
[White "Gyori, Balint"]
[Black "Major, Peter"]
[Result "1/2-1/2"]
[WhiteElo "1732"]
[BlackElo "1652"]
[PlyCount "146"]
[EventDate "2023.10.08"]
[EventType "team-tourn"]
[EventRounds "9"]
[EventCountry "HUN"]
[Source "chess.hu"]
[WhiteTeam "Duocor-Makoi SVSE II"]
[BlackTeam "Gyulai SE"]
[WhiteTeamCountry "HUN"]
[BlackTeamCountry "HUN"]

1. Nf3 Nf6 2. d4 g6 3. c4 Bg7 4. Nc3 O-O 5. e4 d6 6. Be2 e5 7. dxe5 dxe5 8.
Qxd8 Rxd8 9. Bg5 Re8 10. Nd5 Nxd5 11. cxd5 c6 12. Bc4 cxd5 13. Bxd5 Nc6 14.
Bxc6 bxc6 15. O-O Rb8 16. b3 f5 17. Be3 fxe4 18. Nd2 Bf5 19. Rfc1 Rbc8 20. Nc4
Red8 21. Bxa7 Bh6 22. Be3 Bxe3 23. fxe3 Rd3 24. Nxe5 Rxe3 25. Kf2 Rd3 26. Nxd3
exd3 27. Rd1 Re8 28. Rd2 Re6 29. h3 g5 30. Rad1 Rd6 31. g4 Bg6 32. Ke3 Re6+ 33.
Kd4 Kf7 34. Rf2+ Ke7 35. Rf3 d2 36. Re3 c5+ 37. Kxc5 Rxe3 38. Rxd2 Rxh3 39. b4
Rc3+ 40. Kd5 Bf7+ 41. Ke5 Be6 42. Rh2 Bxg4 43. Rxh7+ Kf8 44. Kf6 Rc6+ 45. Kxg5
Be2 46. Rh2 Bb5 47. Rh3 Rd6 48. Rc3 Rc6 49. Re3 Kf7 50. Re5 Rg6+ 51. Kh5 Rb6
52. a3 Ba4 53. Kg4 Rb5 54. Re3 Kf6 55. Rc3 Re5 56. Kf4 Rf5+ 57. Ke4 Re5+ 58.
Kd4 Re6 59. Rf3+ Ke7 60. Rf5 Rd6+ 61. Kc3 Rc6+ 62. Kd4 Rd6+ 63. Kc4 Rc6+ 64.
Rc5 Rxc5+ 65. Kxc5 Kd7 66. Kb6 Kc8 67. Ka5 Bc6 68. a4 Kb7 69. b5 Bd7 70. Kb4
Ka7 71. Kc5 Kb7 72. a5 Bxb5 73. Kxb5 Ka7 1/2-1/2

[Event "NB II. Toth Laszlo csoport"]
[Site "Gyula"]
[Date "2024.04.07"]
[Round "7.12"]
[White "Godo, Csongor"]
[Black "Kralik, Attila"]
[Result "0-1"]
[WhiteElo "1519"]
[BlackElo "1746"]
[PlyCount "62"]
[EventDate "2023.10.08"]
[EventType "team-tourn"]
[EventRounds "9"]
[EventCountry "HUN"]
[Source "chess.hu"]
[WhiteTeam "Gyulai SE"]
[BlackTeam "Duocor-Makoi SVSE II"]
[WhiteTeamCountry "HUN"]
[BlackTeamCountry "HUN"]

1. e4 b6 2. d4 Bb7 3. Nc3 e6 4. a3 Be7 5. Nf3 h6 6. Bd3 d6 7. O-O Nd7 8. Qe2 a6
9. d5 e5 10. Na2 Nc5 11. b4 Nxd3 12. Qxd3 Qd7 13. c4 g5 14. h3 g4 15. hxg4 Qxg4
16. Nh2 Qg7 17. Qg3 Qh7 18. Re1 Nf6 19. Nc3 h5 20. Kf1 Rg8 21. Qe3 Rg6 22. g3
Bc8 23. Nf3 Ng4 24. Qd2 h4 25. Kg2 Nf6 26. Kf1 Bh3+ 27. Ke2 Bg4 28. gxh4 Qxh4
29. Qe3 Nh5 30. Ra2 Qh3 31. Kd1 Bxf3+ 0-1

[Event "NB II. Toth Laszlo csoport"]
[Site "Szeged"]
[Date "2024.04.07"]
[Round "7.1"]
[White "Samu, Gabor Jr"]
[Black "Pap, Peter"]
[Result "0-1"]
[WhiteElo "2328"]
[BlackElo "2168"]
[PlyCount "96"]
[EventDate "2023.10.08"]
[EventType "team-tourn"]
[EventRounds "9"]
[EventCountry "HUN"]
[Source "chess.hu"]
[WhiteTeam "Bekesi TE"]
[BlackTeam "Maroczy SE II."]
[WhiteTeamCountry "HUN"]
[BlackTeamCountry "HUN"]

1. d4 d5 2. c4 c6 3. Nc3 Nf6 4. Nf3 e6 5. Bg5 dxc4 6. e4 b5 7. e5 h6 8. Bh4 g5
9. exf6 gxh4 10. Ne5 Qxf6 11. a4 a6 12. Be2 Nd7 13. Ng4 Qg6 14. axb5 cxb5 15.
Nxb5 Bb4+ 16. Nc3 h3 17. Bf3 hxg2 18. Rg1 Rb8 19. Rxg2 Bb7 20. Ne3 Bxf3 21.
Qxf3 Qd3 22. Rd1 Bxc3+ 23. bxc3 Qxc3+ 24. Kf1 Rb1 25. Rg7 Rxd1+ 26. Qxd1 Qd3+
27. Qxd3 cxd3 28. Rg3 Ke7 29. Nd1 Rd8 30. Nc3 d2 31. Rd3 Ne5 32. Rxd2 Nf3 33.
Ra2 Rxd4 34. Rxa6 Nxh2+ 35. Kg2 Ng4 36. Ra2 f5 37. Ne2 Rc4 38. Ng3 Kf6 39. Re2
Rc3 40. Nh5+ Kg5 41. Ng3 e5 42. Ra2 Rb3 43. Rd2 h5 44. Rd8 h4 45. Rg8+ Kf4 46.
Ne2+ Ke4 47. Ng1 Rb2 48. Nh3 Nxf2 0-1